000 00576nam a2200193 i 4500
001 66304
003 ES-MaACL
005 20230906165608.0
007 t|
008 040203s1973 sp ||||1| spa d
100 1 _aGalindo, Alberto.
_953427
245 1 0 _aMétodos matemáticos de la Física /
_cAlberto Galindo, L. Abellanas.
260 _a[Zaragoza :
_bs.n.,
_c1973]
300 _aI-XI, 254 p. :
_bil. ;
_c26 cm.
505 8 _aContiene: I.: Análisis complejo
700 1 _aAbellanas, Lorenzo,
_918072
852 _aES-MaACL
_jC-55546
_bR.88481
999 _c66304
_d66304